Podíl sponzorských příspěvků na celkových příjmech tělovýchovných jednot
Stanovenie podielu príspevkov od sponzorov na celkových príjmoch futbalového klubu TJ Čechie Kralupy za r. 1995. Analýza a porovnanie príjmov za r. 1994 a 1995. Porovnanie celkového vývoja za r. 1993-1996.
Saved in:
| Main Author: | |
|---|---|
| Format: | Book Chapter |
| Language: | Czech |
| Subjects: | |
| Tags: |
No Tags, Be the first to tag this record!
|
MARC
| LEADER | 00000naa a2200000 4500 | ||
|---|---|---|---|
| 001 | r023675 | ||
| 005 | 20230922102114.7 | ||
| 041 | 0 | |a cze | |
| 044 | |a CZ | ||
| 245 | 1 | 0 | |a Podíl sponzorských příspěvků na celkových příjmech tělovýchovných jednot |c M. Miřácký |
| 520 | |a Stanovenie podielu príspevkov od sponzorov na celkových príjmoch futbalového klubu TJ Čechie Kralupy za r. 1995. Analýza a porovnanie príjmov za r. 1994 a 1995. Porovnanie celkového vývoja za r. 1993-1996. | ||
| 610 | 2 | 0 | |a telovýchova |
| 610 | 2 | 0 | |a sponzorovanie |
| 610 | 2 | 0 | |a 1994 |
| 610 | 2 | 0 | |a 1995 |
| 610 | 2 | 0 | |a príjmy |
| 610 | 2 | 0 | |a financovanie |
| 610 | 2 | 0 | |a Česko |
| 100 | 1 | |a Miřácký, M. | |